Statistiques concernant Alphabet braille - Chiffres

Cliquez ici pour prendre le quiz!

Statistiques générales

  • Ce quiz a été pris 28 fois
  • Le résultat moyen est 8 sur 10

Statistiques - réponses

Chiffres « Louis Braille »Chiffres « Antoine »Lettre latine% Correct
1
95%
2
90%
3
85%
4
85%
0
80%
5
80%
6
80%
7
75%
8
75%
9
75%

Distribution des résultats

Percentile par nombre de réponses

% des personnes avec chaque résultat

Votre développement - résultats

Vous n’avez pas pris ce quiz